Animals#2 - Statistics

General Stats
  • This quiz has been taken 53 times
    39 since last reset
  • The average score is 8 of 15
Answer Stats
Picture Answer % Correct
Tiger
97%
Polar bear
74%
Red panda
66%
Rooster
66%
Goose
63%
Turkey
63%
Deer
60%
Peacock
57%
Penguin
54%
Killer whale
49%
Ibis
43%
Boar
40%
Sea lion
40%
Mustang
37%
Proboscis
26%
No matching quizzes found
Score Distribution
Percent of People with Each Score
Percentile by Number Answered
Your Score History
You have not taken this quiz since the last reset